[Event "Zadar op"]
[Site "Zadar"]
[Date "2004.12.13"]
[Round "1"]
[White "Radic, Danijel"]
[Black "Krstic, Uros"]
[Result "0-1"]
[WhiteElo "2200"]
[BlackElo "2360"]
[PlyCount "76"]
[EventDate "2004.12.13"]
[EventType "swiss"]
[EventRounds "9"]
[EventCountry "CRO"]
[SourceTitle "CBM 103 Extra"]
[Source "ChessBase"]
[SourceDate "2005.01.01"]
[SourceVersion "1"]
[SourceVersionDate "2005.01.01"]
[SourceQuality "1"]

1. d4 d6 2. c4 e5 3. dxe5 dxe5 4. Qxd8+ Kxd8 5. Nc3 Be6 6. e4 Nc6 7. Bd2 Nf6 8. Nf3 Bc5 9. 0-0-0 Kc8 10. Be3 Bb4 11. Ng5 Ng4 12. Nd5 Nxe3 13. Nxe3 Bc5 14. Nxe6 fxe6 15. g3 Rf8 16. Bh3 Nd8 17. Rhf1 Rxf2 18. Rxf2 Bxe3+ 19. Rfd2 Rb8 20. Kc2 Bxd2 21. Rxd2 b6 22. Rd5 Nc6 23. Bxe6+ Kb7 24. Kc3 Rf8 25. a3 Rf3+ 26. Rd3 Nd4 27. Rxf3 Nxf3 28. h4 Kc6 29. b4 Kd6 30. Bg8 h6 31. h5 c5 32. b5 Ke7 33. Bh7 Kf6 34. g4 Kg5 35. Bf5 Nh2 36. Kd3 Nxg4 37. Ke2 Kxh5 38. Kf3 Nf6 0-1